[Event "Turniej Przyjazni Polsko-Wegierskiej"]
[Site "Katowice (POL)"]
[Date "2016.05.08"]
[Round "9.1"]
[White "Piorun, Kacper"]
[Black "Banusz, Tamas"]
[Result "1/2-1/2"]
[BlackElo "2551"]
[WhiteElo "2563"]
[LiveChessVersion "1.4.8"]

1. e4 {[%clk 0:15:18]} e5 {[%clk 0:15:19]} 2. Nf3 {[%clk 0:15:27]} Nc6
{[%clk 0:15:28]} 3. Bc4 {[%clk 0:15:35]} Bc5 {[%clk 0:15:36]} 4. c3
{[%clk 0:15:44]} Nf6 {[%clk 0:15:43]} 5. d3 {[%clk 0:15:53]} O-O {[%clk 0:15:50]}
6. Bg5 {[%clk 0:16:01]} h6 {[%clk 0:15:55]} 7. Bh4 {[%clk 0:16:10]} Be7
{[%clk 0:16:03]} 8. Nbd2 {[%clk 0:16:19]} d6 {[%clk 0:16:12]} 9. a4
{[%clk 0:16:28]} Nh5 {[%clk 0:16:20]} 10. Bg3 {[%clk 0:16:31]} g6
{[%clk 0:15:36]} 11. O-O {[%clk 0:15:23]} Bf6 {[%clk 0:15:26]} 12. a5
{[%clk 0:15:26]} a6 {[%clk 0:15:34]} 13. Re1 {[%clk 0:15:15]} Nxg3
{[%clk 0:14:47]} 14. hxg3 {[%clk 0:15:22]} Ne7 {[%clk 0:14:13]} 15. Nf1
{[%clk 0:14:28]} c6 {[%clk 0:14:20]} 16. Bb3 {[%clk 0:14:28]} Bg7
{[%clk 0:14:20]} 17. Ne3 {[%clk 0:12:48]} d5 {[%clk 0:13:52]} 18. Qe2
{[%clk 0:11:17]} Be6 {[%clk 0:13:43]} 19. Red1 {[%clk 0:10:38]} Qc7
{[%clk 0:13:36]} 20. Ba2 {[%clk 0:10:20]} Rad8 {[%clk 0:13:37]} 21. b4
{[%clk 0:10:21]} Rd7 {[%clk 0:11:00]} 22. Rac1 {[%clk 0:09:43]} Rfd8
{[%clk 0:10:48]} 23. Re1 {[%clk 0:07:55]} 1/2-1/2

[Event "Turniej Przyjazni Polsko-Wegierskiej"]
[Site "Katowice (POL)"]
[Date "2016.05.08"]
[Round "9.2"]
[White "Swiercz, Dariusz"]
[Black "Socko, Bartosz"]
[Result "1/2-1/2"]
[BlackElo "2688"]
[WhiteElo "2651"]
[LiveChessVersion "1.4.8"]

1. d4 Nf6 2. c4 e6 3. g3 Bb4+ 4. Bd2 Qe7 5. Bg2 Nc6 6. e3 Bxd2+ 7. Nxd2 d6 8. Ne2
e5 9. d5 Nb8 10. Nc3 h5 11. h4 a5 12. Qc2 Na6 13. a3 Nc5 14. b3 Ng4 15. O-O f5
16. b4 Na6 17. Nf3 O-O 18. Qb3 Bd7 19. Ng5 Kh8 20. Rac1 axb4 21. axb4 e4 22. Ne2
c5 23. Nf4 Be8 24. Nge6 Rf6 25. bxc5 Nxc5 26. Qb6 Ne5 27. Rfd1 Ba4 28. Rf1 g6 29.
Nxc5 dxc5 30. Qb2 Kh7 31. Qc3 Rfa6 32. Rb1 b6 33. Ne6 Qd6 34. Ra1 Bd7 35. Rxa6
Rxa6 36. Ng5+ Kg8 37. Rb1 Qf6 38. Kh1 Kg7 39. Bf1 Nf7 40. Qxf6+ Kxf6 41. Nxf7
Kxf7 42. Rb2 Kf6 43. Kg2 Ke5 44. Be2 Kd6 45. Kf1 Kc7 46. Ke1 Ra1+ 47. Kd2 Ba4 48.
Kc3 Kb7 49. Kd2 Kc7 50. Kc3 Kb7 51. Kd2 1/2-1/2

[Event "Turniej Przyjazni Polsko-Wegierskiej"]
[Site "Katowice (POL)"]
[Date "2016.05.08"]
[Round "9.3"]
[White "Pakleza, Zbigniew"]
[Black "Bartel, Mateusz"]
[Result "0-1"]
[BlackElo "2674"]
[WhiteElo "2526"]
[LiveChessVersion "1.4.8"]

1. d4 {[%clk 0:15:19]} Nf6 {[%clk 0:15:02]} 2. Bf4 {[%clk 0:15:28]} g6
{[%clk 0:14:23]} 3. e3 {[%clk 0:15:37]} Bg7 {[%clk 0:14:31]} 4. Nf3
{[%clk 0:15:45]} O-O {[%clk 0:14:35]} 5. Be2 {[%clk 0:15:54]} b6 {[%clk 0:14:23]}
6. O-O {[%clk 0:16:00]} c5 {[%clk 0:14:21]} 7. c3 {[%clk 0:16:07]} Bb7
{[%clk 0:14:21]} 8. h3 {[%clk 0:16:13]} d5 {[%clk 0:14:27]} 9. Nbd2
{[%clk 0:16:20]} Nfd7 {[%clk 0:14:33]} 10. Qb3 {[%clk 0:15:40]} Nc6
{[%clk 0:14:13]} 11. Rad1 {[%clk 0:15:03]} Qc8 {[%clk 0:14:08]} 12. Rfe1
{[%clk 0:14:49]} e6 {[%clk 0:13:59]} 13. Bf1 {[%clk 0:14:39]} Ba6
{[%clk 0:14:08]} 14. Qa3 {[%clk 0:13:39]} Bxf1 {[%clk 0:14:04]} 15. Nxf1
{[%clk 0:13:40]} Re8 {[%clk 0:13:53]} 16. Ng3 {[%clk 0:13:12]} Na5
{[%clk 0:13:53]} 17. Qa4 {[%clk 0:12:42]} Qc6 {[%clk 0:13:52]} 18. Qc2
{[%clk 0:12:23]} Rac8 {[%clk 0:13:45]} 19. Qe2 {[%clk 0:12:27]} f5
{[%clk 0:12:44]} 20. h4 {[%clk 0:11:55]} h6 {[%clk 0:12:41]} 21. Nf1
{[%clk 0:07:05]} c4 {[%clk 0:12:38]} 22. g4 {[%clk 0:06:09]} fxg4
{[%clk 0:11:40]} 23. N3h2 {[%clk 0:06:18]} h5 {[%clk 0:11:48]} 24. f3
{[%clk 0:06:27]} gxf3 {[%clk 0:11:50]} 25. Nxf3 {[%clk 0:06:29]} Nb7
{[%clk 0:11:57]} 26. Qg2 {[%clk 0:06:27]} e5 {[%clk 0:11:46]} 27. dxe5
{[%clk 0:06:22]} Nxe5 {[%clk 0:11:46]} 28. Nd4 {[%clk 0:05:14]} Qf6
{[%clk 0:11:05]} 29. Qxd5+ {[%clk 0:05:18]} Qf7 {[%clk 0:11:13]} 30. Qxf7+
{[%clk 0:05:16]} Nxf7 {[%clk 0:11:15]} 31. Nb5 {[%clk 0:05:07]} Nc5
{[%clk 0:11:23]} 32. Re2 {[%clk 0:04:49]} Nd3 {[%clk 0:10:35]} 33. Rg2
{[%clk 0:04:51]} Kh7 {[%clk 0:09:38]} 34. Nh2 {[%clk 0:03:23]} a6
{[%clk 0:09:46]} 35. Nd4 {[%clk 0:02:44]} Re4 {[%clk 0:08:10]} 36. Ne2
{[%clk 0:02:17]} Rce8 {[%clk 0:07:49]} 37. Rd2 {[%clk 0:01:37]} Bh6
{[%clk 0:07:19]} 38. b3 {[%clk 0:01:00]} Rxe3 {[%clk 0:06:56]} 39. Bxh6
{[%clk 0:01:04]} Kxh6 {[%clk 0:07:04]} 40. bxc4 {[%clk 0:01:08]} Nfe5
{[%clk 0:07:08]} 41. Nd4 {[%clk 0:00:32]} Nf4 {[%clk 0:06:54]} 0-1

[Event "Turniej Przyjazni Polsko-Wegierskiej"]
[Site "Katowice (POL)"]
[Date "2016.05.08"]
[Round "9.5"]
[White "Klekowski, Maciej"]
[Black "Stupak, Kirill"]
[Result "1/2-1/2"]
[BlackElo "2592"]
[WhiteElo "2449"]
[LiveChessVersion "1.4.8"]

1. c4 {[%clk 0:15:18]} e5 {[%clk 0:15:16]} 2. g3 {[%clk 0:15:23]} Nc6
{[%clk 0:15:21]} 3. Bg2 {[%clk 0:15:30]} Bc5 {[%clk 0:15:28]} 4. Nc3
{[%clk 0:15:38]} a6 {[%clk 0:15:35]} 5. e3 {[%clk 0:15:47]} d6 {[%clk 0:15:44]}
6. Nge2 {[%clk 0:15:56]} Nf6 {[%clk 0:15:44]} 7. O-O {[%clk 0:15:50]} h6
{[%clk 0:15:40]} 8. a3 {[%clk 0:15:15]} O-O {[%clk 0:15:47]} 9. b4
{[%clk 0:14:15]} Ba7 {[%clk 0:15:56]} 10. d3 {[%clk 0:14:22]} Bd7
{[%clk 0:15:39]} 11. h3 {[%clk 0:14:13]} Rb8 {[%clk 0:15:05]} 12. d4
{[%clk 0:14:08]} exd4 {[%clk 0:14:54]} 13. exd4 {[%clk 0:14:16]} Ne7
{[%clk 0:15:02]} 14. a4 {[%clk 0:13:16]} c6 {[%clk 0:14:21]} 15. Bf4
{[%clk 0:13:14]} Be6 {[%clk 0:13:26]} 16. c5 {[%clk 0:13:19]} Nc8
{[%clk 0:13:35]} 17. b5 {[%clk 0:13:10]} Ra8 {[%clk 0:09:30]} 18. bxc6
{[%clk 0:10:19]} bxc6 {[%clk 0:09:39]} 19. Bxc6 {[%clk 0:10:27]} Rb8
{[%clk 0:09:48]} 20. Bg2 {[%clk 0:10:21]} Bc4 {[%clk 0:09:58]} 21. Qc2
{[%clk 0:09:31]} Re8 {[%clk 0:08:14]} 22. Rfe1 {[%clk 0:06:36]} Bb3
{[%clk 0:08:23]} 23. Qd3 {[%clk 0:06:26]} g5 {[%clk 0:08:31]} 24. Bxd6
{[%clk 0:05:40]} Nxd6 {[%clk 0:08:40]} 25. cxd6 {[%clk 0:05:49]} Qxd6
{[%clk 0:08:45]} 26. Rab1 {[%clk 0:05:39]} Red8 {[%clk 0:06:27]} 27. Nb5
{[%clk 0:03:53]} axb5 {[%clk 0:06:20]} 28. Qxb3 {[%clk 0:04:02]} bxa4
{[%clk 0:04:57]} 29. Qxa4 {[%clk 0:04:10]} Rxb1 {[%clk 0:04:42]} 30. Rxb1
{[%clk 0:04:19]} Bxd4 {[%clk 0:04:49]} 31. Nxd4 {[%clk 0:04:12]} 1/2-1/2

[Event "Turniej Przyjazni Polsko-Wegierskiej"]
[Site "Katowice (POL)"]
[Date "2016.05.08"]
[Round "9.6"]
[White "Gledura, Benjamin"]
[Black "Dragun, Kamil"]
[Result "1-0"]
[BlackElo "2491"]
[WhiteElo "2558"]
[LiveChessVersion "1.4.8"]

1. d4 {[%clk 0:15:18]} Nf6 {[%clk 0:15:19]} 2. c4 {[%clk 0:15:27]} g6
{[%clk 0:15:27]} 3. Nc3 {[%clk 0:15:35]} d5 {[%clk 0:15:36]} 4. cxd5
{[%clk 0:15:40]} Nxd5 {[%clk 0:15:44]} 5. e4 {[%clk 0:15:49]} Nxc3
{[%clk 0:15:53]} 6. bxc3 {[%clk 0:15:57]} Bg7 {[%clk 0:16:02]} 7. Be3
{[%clk 0:16:04]} O-O {[%clk 0:16:06]} 8. Nf3 {[%clk 0:16:11]} c5 {[%clk 0:16:12]}
9. Be2 {[%clk 0:16:18]} cxd4 {[%clk 0:15:20]} 10. cxd4 {[%clk 0:16:26]} Qa5+
{[%clk 0:15:28]} 11. Bd2 {[%clk 0:15:58]} Qa3 {[%clk 0:15:07]} 12. Qc1
{[%clk 0:13:46]} Qxc1+ {[%clk 0:15:03]} 13. Rxc1 {[%clk 0:13:54]} Bg4
{[%clk 0:14:40]} 14. Rc7 {[%clk 0:13:18]} Bxf3 {[%clk 0:13:51]} 15. Bxf3
{[%clk 0:12:54]} Bxd4 {[%clk 0:13:59]} 16. Rxe7 {[%clk 0:12:50]} Nc6
{[%clk 0:14:08]} 17. Rxb7 {[%clk 0:12:56]} Rab8 {[%clk 0:14:17]} 18. Rb3
{[%clk 0:11:52]} Rxb3 {[%clk 0:12:15]} 19. axb3 {[%clk 0:12:01]} Rb8
{[%clk 0:12:23]} 20. Bd1 {[%clk 0:11:31]} Bc5 {[%clk 0:12:32]} 21. h4
{[%clk 0:10:51]} Rd8 {[%clk 0:11:39]} 22. Bc3 {[%clk 0:08:44]} Nb4
{[%clk 0:10:59]} 23. Be2 {[%clk 0:06:18]} Na2 {[%clk 0:08:52]} 24. Bf6
{[%clk 0:05:43]} Bb4+ {[%clk 0:06:30]} 25. Kf1 {[%clk 0:05:51]} Rd2
{[%clk 0:06:39]} 26. h5 {[%clk 0:04:35]} Bc3 {[%clk 0:05:25]} 27. e5
{[%clk 0:04:22]} Nc1 {[%clk 0:05:34]} 28. hxg6 {[%clk 0:04:24]} fxg6
{[%clk 0:05:43]} 29. Bc4+ {[%clk 0:04:19]} Kf8 {[%clk 0:05:52]} 30. g4
{[%clk 0:04:15]} Rd1+ {[%clk 0:04:56]} 31. Kg2 {[%clk 0:04:24]} Rxh1
{[%clk 0:05:05]} 32. Kxh1 {[%clk 0:04:33]} Na2 {[%clk 0:05:13]} 33. f4
{[%clk 0:04:19]} Nb4 {[%clk 0:04:58]} 34. Kg2 {[%clk 0:04:22]} h6
{[%clk 0:04:48]} 35. Kf3 {[%clk 0:04:22]} g5 {[%clk 0:04:32]} 36. fxg5
{[%clk 0:03:28]} hxg5 {[%clk 0:04:41]} 37. Ke4 {[%clk 0:03:37]} Nc6
{[%clk 0:04:49]} 38. Bd5 {[%clk 0:03:35]} Ne7 {[%clk 0:04:52]} 39. Bxg5
{[%clk 0:03:37]} 1-0

[Event "Turniej Przyjazni Polsko-Wegierskiej"]
[Site "Katowice (POL)"]
[Date "2016.05.08"]
[Round "9.7"]
[White "Miton, Kamil"]
[Black "Piesik, Piotr"]
[Result "1-0"]
[BlackElo "2339"]
[WhiteElo "2615"]
[LiveChessVersion "1.4.8"]

1. Nf3 {[%clk 0:15:19]} g6 {[%clk 0:15:19]} 2. d4 {[%clk 0:15:26]} Bg7
{[%clk 0:15:28]} 3. c4 {[%clk 0:15:33]} d6 {[%clk 0:15:35]} 4. g3
{[%clk 0:15:37]} Nd7 {[%clk 0:15:14]} 5. Bg2 {[%clk 0:15:44]} e5 {[%clk 0:15:23]}
6. Nc3 {[%clk 0:15:46]} Ngf6 {[%clk 0:15:31]} 7. O-O {[%clk 0:15:50]} O-O
{[%clk 0:15:39]} 8. h3 {[%clk 0:15:54]} Re8 {[%clk 0:15:43]} 9. e4
{[%clk 0:15:53]} a5 {[%clk 0:15:36]} 10. Re1 {[%clk 0:15:07]} exd4
{[%clk 0:15:39]} 11. Nxd4 {[%clk 0:15:14]} Nc5 {[%clk 0:15:48]} 12. Qc2
{[%clk 0:13:41]} a4 {[%clk 0:15:43]} 13. Be3 {[%clk 0:13:37]} Nfd7
{[%clk 0:15:32]} 14. Rad1 {[%clk 0:13:28]} c6 {[%clk 0:14:35]} 15. b4
{[%clk 0:11:54]} axb3 {[%clk 0:14:42]} 16. axb3 {[%clk 0:12:03]} Qa5
{[%clk 0:14:26]} 17. Rb1 {[%clk 0:11:46]} Qb4 {[%clk 0:12:53]} 18. Red1
{[%clk 0:11:49]} Ne6 {[%clk 0:12:11]} 19. Nxe6 {[%clk 0:11:25]} Rxe6
{[%clk 0:12:20]} 20. Bd2 {[%clk 0:11:27]} Qc5 {[%clk 0:10:29]} 21. Be3
{[%clk 0:10:37]} Qb4 {[%clk 0:10:10]} 22. Na4 {[%clk 0:10:41]} Qa5
{[%clk 0:09:58]} 23. Rd2 {[%clk 0:09:59]} Nc5 {[%clk 0:09:18]} 24. Nxc5
{[%clk 0:08:32]} dxc5 {[%clk 0:09:26]} 25. Rbd1 {[%clk 0:08:31]} Re8
{[%clk 0:09:35]} 26. f4 {[%clk 0:08:34]} Bc3 {[%clk 0:09:03]} 27. Rd3
{[%clk 0:08:19]} Bb4 {[%clk 0:09:11]} 28. Qf2 {[%clk 0:07:59]} Qb6
{[%clk 0:07:47]} 29. f5 {[%clk 0:07:58]} Qc7 {[%clk 0:07:18]} 30. Bf4
{[%clk 0:07:36]} Qe7 {[%clk 0:05:34]} 31. g4 {[%clk 0:07:42]} f6 {[%clk 0:05:28]}
32. Bd6 {[%clk 0:07:30]} Qf7 {[%clk 0:05:08]} 33. fxg6 {[%clk 0:07:14]} hxg6
{[%clk 0:05:15]} 34. Rf3 {[%clk 0:07:22]} Kg7 {[%clk 0:05:03]} 35. Rf1
{[%clk 0:07:08]} Re6 {[%clk 0:05:05]} 36. e5 {[%clk 0:07:08]} f5 {[%clk 0:03:57]}
37. gxf5 {[%clk 0:07:05]} Rxd6 {[%clk 0:04:05]} 38. f6+ {[%clk 0:07:00]} Kg8
{[%clk 0:04:06]} 39. exd6 {[%clk 0:07:09]} Bf5 {[%clk 0:04:13]} 40. Qg3
{[%clk 0:06:47]} Kh8 {[%clk 0:04:02]} 41. Rxf5 {[%clk 0:06:26]} gxf5
{[%clk 0:04:10]} 42. Rxf5 {[%clk 0:06:35]} Bd2 {[%clk 0:03:59]} 43. Rh5+
{[%clk 0:06:39]} 1-0

[Event "Turniej Przyjazni Polsko-Wegierskiej"]
[Site "Katowice (POL)"]
[Date "2016.05.08"]
[Round "9.8"]
[White "Shevchenko, Kirill"]
[Black "Bartel, Marta"]
[Result "1-0"]
[BlackElo "2184"]
[WhiteElo "2447"]
[LiveChessVersion "1.4.8"]

1. e4 {[%clk 0:15:19]} c5 {[%clk 0:15:19]} 2. Nf3 {[%clk 0:15:28]} Nc6
{[%clk 0:15:26]} 3. d4 {[%clk 0:15:38]} cxd4 {[%clk 0:15:34]} 4. Nxd4
{[%clk 0:15:47]} Nf6 {[%clk 0:15:43]} 5. Nc3 {[%clk 0:15:56]} d6 {[%clk 0:15:52]}
6. f3 {[%clk 0:16:05]} e5 {[%clk 0:15:48]} 7. Nb3 {[%clk 0:16:14]} Be7
{[%clk 0:15:52]} 8. Be3 {[%clk 0:16:20]} O-O {[%clk 0:15:47]} 9. Qd2
{[%clk 0:16:21]} a5 {[%clk 0:14:49]} 10. Bb5 {[%clk 0:16:19]} Be6
{[%clk 0:14:19]} 11. Rd1 {[%clk 0:16:19]} Na7 {[%clk 0:12:35]} 12. Bd3
{[%clk 0:16:28]} Nc6 {[%clk 0:12:40]} 13. a3 {[%clk 0:16:19]} a4 {[%clk 0:12:22]}
14. Nc1 {[%clk 0:16:27]} Qa5 {[%clk 0:10:35]} 15. N1e2 {[%clk 0:13:22]} Rac8
{[%clk 0:09:25]} 16. O-O {[%clk 0:13:18]} Rfd8 {[%clk 0:09:27]} 17. Qe1
{[%clk 0:09:58]} d5 {[%clk 0:08:23]} 18. exd5 {[%clk 0:10:00]} Bxd5
{[%clk 0:08:16]} 19. Qf2 {[%clk 0:09:24]} Qa8 {[%clk 0:04:58]} 20. Bf5
{[%clk 0:07:26]} Be6 {[%clk 0:04:37]} 21. Bxe6 {[%clk 0:07:32]} fxe6
{[%clk 0:04:46]} 22. Kh1 {[%clk 0:05:49]} Qa6 {[%clk 0:04:36]} 23. Ng3
{[%clk 0:05:19]} Rf8 {[%clk 0:04:11]} 24. Nge4 {[%clk 0:03:35]} Ng4
{[%clk 0:02:23]} 25. Qg1 {[%clk 0:03:44]} Nxe3 {[%clk 0:02:29]} 26. Qxe3
{[%clk 0:03:53]} Nd4 {[%clk 0:02:37]} 27. Rf2 {[%clk 0:03:56]} Rcd8
{[%clk 0:02:19]} 28. Rfd2 {[%clk 0:03:18]} h6 {[%clk 0:01:52]} 29. h3
{[%clk 0:03:16]} Qc4 {[%clk 0:01:27]} 30. Qf2 {[%clk 0:02:18]} b5
{[%clk 0:00:53]} 31. Qf1 {[%clk 0:01:01]} Qc6 {[%clk 0:00:52]} 32. Qf2
{[%clk 0:00:16]} b4 {[%clk 0:00:49]} 33. axb4 {[%clk 0:00:25]} Bxb4
{[%clk 0:00:58]} 34. Rd3 {[%clk 0:00:15]} Ba5 {[%clk 0:00:37]} 35. Qg3
{[%clk 0:00:16]} Rf5 {[%clk 0:00:40]} 36. Qg6 {[%clk 0:00:13]} Rdf8
{[%clk 0:00:35]} 37. Qg3 {[%clk 0:00:13]} Kh7 {[%clk 0:00:19]} 38. Kh2
{[%clk 0:00:22]} Kh8 {[%clk 0:00:25]} 39. Qh4 {[%clk 0:00:13]} Rf4
{[%clk 0:00:22]} 40. Qe7 {[%clk 0:00:14]} R8f7 {[%clk 0:00:23]} 41. Qa3
{[%clk 0:00:13]} Nxc2 {[%clk 0:00:20]} 42. Qxa4 {[%clk 0:00:14]} Qxa4
{[%clk 0:00:19]} 43. Nxa4 {[%clk 0:00:24]} Rb7 {[%clk 0:00:17]} 44. b3
{[%clk 0:00:14]} Nd4 {[%clk 0:00:19]} 45. Nac5 {[%clk 0:00:23]} Rb6
{[%clk 0:00:16]} 46. Nd7 {[%clk 0:00:25]} Rxb3 {[%clk 0:00:19]} 47. Nxe5
{[%clk 0:00:20]} Rxd3 {[%clk 0:00:17]} 48. Rxd3 {[%clk 0:00:17]} Rf5
{[%clk 0:00:23]} 49. Ng6+ {[%clk 0:00:12]} Kh7 {[%clk 0:00:31]} 50. Rxd4
{[%clk 0:00:14]} Kxg6 {[%clk 0:00:38]} 51. Rd7 {[%clk 0:00:15]} Rb5
{[%clk 0:00:26]} 52. Re7 {[%clk 0:00:18]} Rb6 {[%clk 0:00:30]} 53. Nc5
{[%clk 0:00:16]} Bb4 {[%clk 0:00:14]} 54. Rxe6+ {[%clk 0:00:19]} Rxe6
{[%clk 0:00:22]} 55. Nxe6 {[%clk 0:00:28]} Bd6+ {[%clk 0:00:27]} 56. Kh1
{[%clk 0:00:35]} Kf6 {[%clk 0:00:32]} 57. Nd4 {[%clk 0:00:44]} Ke5
{[%clk 0:00:34]} 58. Ne2 {[%clk 0:00:53]} Bc5 {[%clk 0:00:38]} 59. g3
{[%clk 0:00:42]} g5 {[%clk 0:00:38]} 60. Kg2 {[%clk 0:00:51]} Bb4
{[%clk 0:00:39]} 61. g4 {[%clk 0:00:13]} Bd2 {[%clk 0:00:19]} 62. Ng3
{[%clk 0:00:13]} Bc1 {[%clk 0:00:14]} 63. Kf2 {[%clk 0:00:17]} Kf6
{[%clk 0:00:14]} 64. Ke2 {[%clk 0:00:16]} Bb2 {[%clk 0:00:18]} 65. Ke3
{[%clk 0:00:17]} Be5 {[%clk 0:00:26]} 66. Ne2 {[%clk 0:00:14]} Bb8
{[%clk 0:00:32]} 67. Ke4 {[%clk 0:00:23]} Ba7 {[%clk 0:00:39]} 68. Kd5
{[%clk 0:00:29]} Be3 {[%clk 0:00:43]} 69. Ng3 {[%clk 0:00:37]} Bc1
{[%clk 0:00:42]} 70. Ne4+ {[%clk 0:00:45]} Kg6 {[%clk 0:00:47]} 71. Ke6
{[%clk 0:00:54]} Ba3 {[%clk 0:00:38]} 72. Nf2 {[%clk 0:00:51]} Bb4
{[%clk 0:00:42]} 73. Nd3 {[%clk 0:00:58]} Bc3 {[%clk 0:00:38]} 74. Nc5
{[%clk 0:00:36]} Bb2 {[%clk 0:00:41]} 75. Nd7 {[%clk 0:00:45]} Bc3
{[%clk 0:00:44]} 76. Nb8 {[%clk 0:00:45]} Bb2 {[%clk 0:00:51]} 77. Nc6
{[%clk 0:00:31]} Bc3 {[%clk 0:00:59]} 78. Ne7+ {[%clk 0:00:34]} Kg7
{[%clk 0:01:04]} 79. Kf5 {[%clk 0:00:21]} Bd2 {[%clk 0:01:08]} 80. Ng6
{[%clk 0:00:26]} Be1 {[%clk 0:00:59]} 81. Ne5 {[%clk 0:00:32]} Bd2
{[%clk 0:01:00]} 82. Nd3 {[%clk 0:00:28]} Bc3 {[%clk 0:01:00]} 83. f4
{[%clk 0:00:14]} gxf4 {[%clk 0:01:06]} 84. Nxf4 {[%clk 0:00:23]} Bd2
{[%clk 0:01:08]} 85. Ne6+ {[%clk 0:00:18]} Kf7 {[%clk 0:01:03]} 86. Nc5
{[%clk 0:00:12]} Be3 {[%clk 0:00:55]} 87. Nd3 {[%clk 0:00:14]} Bd2
{[%clk 0:00:58]} 88. Ne5+ {[%clk 0:00:16]} Kg7 {[%clk 0:01:04]} 89. Nf3
{[%clk 0:00:21]} Bc1 {[%clk 0:01:05]} 90. h4 {[%clk 0:00:27]} Be3
{[%clk 0:00:59]} 91. h5 {[%clk 0:00:27]} Bc1 {[%clk 0:00:42]} 92. Ke6
{[%clk 0:00:35]} Ba3 {[%clk 0:00:42]} 93. Nd4 {[%clk 0:00:33]} Bc1
{[%clk 0:00:38]} 94. Nf5+ {[%clk 0:00:43]} Kh7 {[%clk 0:00:31]} 95. Kf7
{[%clk 0:00:52]} Bb2 {[%clk 0:00:19]} 96. Ne7 {[%clk 0:00:55]} Ba3
{[%clk 0:00:15]} 97. Nd5 {[%clk 0:01:02]} Bc1 {[%clk 0:00:18]} 98. Nf6+
{[%clk 0:01:09]} Kh8 {[%clk 0:00:17]} 99. Kg6 {[%clk 0:01:18]} Bd2
{[%clk 0:00:17]} 100. Ne8 {[%clk 0:01:22]} Kg8 {[%clk 0:00:16]} 101. Ng7
{[%clk 0:01:24]} Kh8 {[%clk 0:00:11]} 102. Nf5 {[%clk 0:01:32]} Kg8
{[%clk 0:00:12]} 103. Nxh6+ {[%clk 0:01:40]} Kf8 {[%clk 0:00:20]} 104. Nf5
{[%clk 0:01:44]} 1-0

[Event "Turniej Przyjazni Polsko-Wegierskiej"]
[Site "Katowice (POL)"]
[Date "2016.05.08"]
[Round "9.9"]
[White "Shkapenko, Pavel"]
[Black "Korpa, Bence"]
[Result "1/2-1/2"]
[BlackElo "2433"]
[WhiteElo "2395"]
[LiveChessVersion "1.4.8"]

1. e4 {[%clk 0:15:18]} e5 {[%clk 0:15:17]} 2. Nf3 {[%clk 0:15:26]} Nc6
{[%clk 0:15:26]} 3. Bc4 {[%clk 0:15:33]} Bc5 {[%clk 0:15:33]} 4. c3
{[%clk 0:15:42]} Nf6 {[%clk 0:15:41]} 5. d4 {[%clk 0:15:51]} exd4
{[%clk 0:15:48]} 6. cxd4 {[%clk 0:15:59]} Bb4+ {[%clk 0:15:54]} 7. Bd2
{[%clk 0:16:07]} Bxd2+ {[%clk 0:15:59]} 8. Nbxd2 {[%clk 0:16:16]} d5
{[%clk 0:16:05]} 9. exd5 {[%clk 0:16:23]} Nxd5 {[%clk 0:16:13]} 10. O-O
{[%clk 0:16:30]} O-O {[%clk 0:16:19]} 11. Rc1 {[%clk 0:16:34]} Nce7
{[%clk 0:15:01]} 12. Re1 {[%clk 0:16:42]} c6 {[%clk 0:15:07]} 13. Ne4
{[%clk 0:16:46]} Bg4 {[%clk 0:14:54]} 14. h3 {[%clk 0:16:50]} Bh5
{[%clk 0:15:01]} 15. Ng3 {[%clk 0:16:58]} Bg6 {[%clk 0:15:04]} 16. Ne5
{[%clk 0:17:05]} Qd6 {[%clk 0:14:40]} 17. h4 {[%clk 0:15:41]} h6 {[%clk 0:14:09]}
18. Nxg6 {[%clk 0:13:26]} Nxg6 {[%clk 0:14:05]} 19. Ne4 {[%clk 0:12:33]} Qd7
{[%clk 0:12:46]} 20. Nc5 {[%clk 0:11:49]} Qf5 {[%clk 0:12:21]} 21. Bd3
{[%clk 0:08:14]} Qc8 {[%clk 0:10:51]} 22. g3 {[%clk 0:06:35]} b6 {[%clk 0:09:52]}
23. Ne4 {[%clk 0:06:41]} Qd7 {[%clk 0:09:54]} 24. Qf3 {[%clk 0:05:45]} Nb4
{[%clk 0:09:08]} 25. Bb1 {[%clk 0:03:09]} Rfe8 {[%clk 0:09:14]} 26. h5
{[%clk 0:03:13]} Nf8 {[%clk 0:09:19]} 27. a3 {[%clk 0:03:14]} Nd5
{[%clk 0:09:21]} 28. Nc3 {[%clk 0:03:09]} Nf6 {[%clk 0:09:09]} 29. Ba2
{[%clk 0:02:59]} Ne6 {[%clk 0:08:30]} 30. Bxe6 {[%clk 0:02:32]} Rxe6
{[%clk 0:08:37]} 31. Re5 {[%clk 0:02:37]} Rae8 {[%clk 0:07:23]} 32. Rce1
{[%clk 0:02:41]} Qc8 {[%clk 0:02:28]} 33. Kg2 {[%clk 0:02:43]} Qd7
{[%clk 0:02:11]} 34. Kg1 {[%clk 0:02:45]} Kf8 {[%clk 0:01:59]} 35. Kg2
{[%clk 0:02:45]} Kg8 {[%clk 0:01:28]} 36. Kg1 {[%clk 0:02:50]} R8e7
{[%clk 0:01:26]} 37. Kg2 {[%clk 0:02:53]} Qe8 {[%clk 0:01:33]} 38. Qf5
{[%clk 0:02:31]} Nd7 {[%clk 0:01:14]} 39. R5e3 {[%clk 0:02:00]} Rxe3
{[%clk 0:01:09]} 40. Rxe3 {[%clk 0:02:09]} Rxe3 {[%clk 0:01:16]} 41. fxe3
{[%clk 0:02:18]} Nf6 {[%clk 0:01:17]} 42. Kf3 {[%clk 0:02:10]} Qd8
{[%clk 0:00:56]} 43. g4 {[%clk 0:01:55]} Qd6 {[%clk 0:00:58]} 44. b4
{[%clk 0:01:01]} Qe6 {[%clk 0:00:34]} 45. Qxe6 {[%clk 0:00:40]} fxe6
{[%clk 0:00:43]} 46. e4 {[%clk 0:00:42]} Kf7 {[%clk 0:00:49]} 47. e5
{[%clk 0:00:50]} Ng8 {[%clk 0:00:41]} 48. Ne4 {[%clk 0:00:56]} Ke7
{[%clk 0:00:50]} 49. Nd6 {[%clk 0:00:42]} Kd7 {[%clk 0:00:57]} 50. g5
{[%clk 0:00:48]} Ne7 51. gxh6 {[%clk 0:00:34]} gxh6 {[%clk 0:01:03]} 52. Ke4
{[%clk 0:00:39]} Ng8 {[%clk 0:00:55]} 53. Kf4 {[%clk 0:00:42]} Ne7
{[%clk 0:01:04]} 54. Ke4 {[%clk 0:00:52]} Kc7 {[%clk 0:00:39]} 55. Kf4
{[%clk 0:00:41]} a6 {[%clk 0:00:31]} 56. Ke4 {[%clk 0:00:49]} Kd7
{[%clk 0:00:39]} 57. Kf4 {[%clk 0:00:50]} Kc7 {[%clk 0:00:29]} 58. Ne8+
{[%clk 0:00:52]} Kd8 {[%clk 0:00:34]} 59. Nd6 {[%clk 0:01:01]} Kd7
{[%clk 0:00:42]} 60. Ke4 {[%clk 0:01:08]} Kc7 {[%clk 0:00:48]} 61. Ne8+
{[%clk 0:01:16]} Kd7 {[%clk 0:00:49]} 62. Nd6 {[%clk 0:01:19]} Ng8
{[%clk 0:00:46]} 63. Nc4 {[%clk 0:01:22]} Kc7 {[%clk 0:00:53]} 64. Nd6
{[%clk 0:01:31]} Ne7 {[%clk 0:00:57]} 1/2-1/2